Banking and finance : (Record no. 124399)

MARC details
000 -LEADER
fixed length control field 00734nam a22002297a 4500
005 - DATE AND TIME OF LATEST TRANSACTION
control field 20170124105938.0
010 ## - LIBRARY OF CONGRESS CONTROL NUMBER
LC control number B-159225
020 ## - INTERNATIONAL STANDARD BOOK NUMBER
Terms of availability 280.00
International Standard Book Number 9788176295697
035 ## - SYSTEM CONTROL NUMBER
System control number B-159225
037 ## - SOURCE OF ACQUISITION
Source of stock number/acquisition Cen Lib/Ret
040 ## - CATALOGING SOURCE
Original cataloging agency DPL
Language of cataloging EN
082 ## - DEWEY DECIMAL CLASSIFICATION NUMBER
Classification number 332.1
Item number SRE
100 ## - MAIN ENTRY--PERSONAL NAME
Personal name Sreekantaradhya, B. S.
9 (RLIN) 10632
245 ## - TITLE STATEMENT
Title Banking and finance :
Statement of responsibility, etc by B. S. Sreekantaradhya
Remainder of title perspectives on forms /
260 ## - PUBLICATION, DISTRIBUTION, ETC. (IMPRINT)
Place of publication, distribution, etc New Delhi
Name of publisher, distributor, etc Deep and Deep Publications
Date of publication, distribution, etc 2004
270 ## - ADDRESS
City New Delhi
Address F-159, Rajouri Garden
Postal code 110027
300 ## - PHYSICAL DESCRIPTION
Extent vii,177p.
Dimensions 22cm(Hb)
500 ## - GENERAL NOTE
General note Includes bibliographical references and index
650 ## - SUBJECT ADDED ENTRY--TOPICAL TERM
Topical term or geographic name as entry element Banks and banking
9 (RLIN) 10633
650 ## - SUBJECT ADDED ENTRY--TOPICAL TERM
Topical term or geographic name as entry element Finance
9 (RLIN) 10634
942 ## - ADDED ENTRY ELEMENTS (KOHA)
Source of classification or shelving scheme Dewey Decimal Classification
Koha item type English Books
Classification part 332.1
Call number suffix SRE
Holdings
Withdrawn status Lost status Damaged status Not for loan Home library Current library Date acquired Source of acquisition Cost, normal purchase price Total Checkouts Full call number Barcode Date last seen Date checked out Copy number Cost, replacement price Price effective from Koha item type
        Central Library Central Library 16/06/2015 Cen Lib/Ret 280.00 3 332.1 SRE B-159225 30/01/2019 29/12/2018 1 280.00 16/06/2015 English Books

© Delhi Public Library
Hit Counter
free hit counter